<?xml version="1.0" encoding="UTF-8"?>
<collection xmlns="http://www.loc.gov/MARC21/slim">
  <record>
    <leader>00000nam  2200000   4500</leader>
    <controlfield tag="001">INLIS000000000006280</controlfield>
    <controlfield tag="005">20191218094928</controlfield>
    <datafield tag="035" ind1="#" ind2="#">
      <subfield code="a">0010-1219000111</subfield>
    </datafield>
    <controlfield tag="007">ta</controlfield>
    <controlfield tag="008">191218################g##########0#ind##</controlfield>
    <datafield tag="082" ind1="#" ind2="#">
      <subfield code="a">302.2</subfield>
    </datafield>
    <datafield tag="084" ind1="#" ind2="#">
      <subfield code="a">302.2 KOM</subfield>
    </datafield>
    <datafield tag="100" ind1=" " ind2="#">
      <subfield code="a">Rogers, Everett M. (Editor)</subfield>
    </datafield>
    <datafield tag="245" ind1="1" ind2="#">
      <subfield code="a">Komunikasi dan Pembangunan: Perspektif Kritis /</subfield>
      <subfield code="c">Everett M. Rogers (Editor)</subfield>
    </datafield>
    <datafield tag="250" ind1="#" ind2="#">
      <subfield code="a">Cet.2</subfield>
    </datafield>
    <datafield tag="260" ind1="#" ind2="#">
      <subfield code="a">Jakarta :</subfield>
      <subfield code="b">LP3ES,</subfield>
      <subfield code="c">1989</subfield>
    </datafield>
    <datafield tag="300" ind1="#" ind2="#">
      <subfield code="a">183 hlm. ;</subfield>
      <subfield code="c">22 cm</subfield>
    </datafield>
    <datafield tag="650" ind1="#" ind2="#">
      <subfield code="a">Komunikasi-Pembangunan</subfield>
    </datafield>
    <datafield tag="856" ind1="#" ind2="#">
      <subfield code="a">Perpustakaan Lembaga Administrasi Negara</subfield>
    </datafield>
    <datafield tag="500" ind1="#" ind2="#">
      <subfield code="a">Bukannya apakah komunikasi diperlukan dalam usaha pembangunan, namun komunikasi yang bagai-manakah yang cocok dan efektif untuknya. Pertanyaan itu mewakili tali-temali komunikasi yang dibahas secara luas dalam buku ini, yang menghimpun tujuh tulisan para ahli komunikasi. Mereka mempermasalahkan, antara premis-premis asing yang tidak cocok dengan kondisi setempat adanya penekanan terhadap metode yang mengabaikan substansinya, difusi inovasi yang justru menimbulkan kesenjangan sosial-ekonomis, serta bagaimana hubungan komunikasi dengan pembangunan. Disamping mempertanyakan kembali arti pembangunan itu sendiri, tulisan-tulisan kritis itu mendesakkan pula perlunya pembangunan kembali Ilmu Komunikasi yang sesuai bagi masyarakat bersangkutan, dan bukan menerapkan begitu saja model made in USA.</subfield>
    </datafield>
    <datafield tag="990" ind1="#" ind2="#">
      <subfield code="a">26.509</subfield>
    </datafield>
  </record>
</collection>
